|
|
|
|
| LEADER |
00000cam a2200000 a 4500 |
| 001 |
UCD1850 |
| 003 |
CL-VaPUC |
| 008 |
160331e20130000us |||||||||||||||||eng|d |
| 020 |
|
|
|a 9781909485006
|
| 082 |
0 |
4 |
|a 418.2
|b SAL
|2 21
|
| 100 |
0 |
|
|a Saldanha, Gabriela
|e author
|9 584997
|
| 700 |
0 |
|
|a O`Brien, Sharon
|e author
|9 584998
|
| 245 |
1 |
0 |
|a Research methodologies in translation studies
|
| 250 |
|
|
|a 1a. ed
|
| 300 |
|
|
|a 277 p
|
| 942 |
|
|
|c BK
|
| 945 |
|
|
|d 20160331 23:10:00
|a arojas
|
| 260 |
|
|
|a Nueva York
|b Routledge
|c 2013
|
| 650 |
|
0 |
|a Traducción e interpretación
|9 315998
|
| 650 |
|
0 |
|a Métodos de investigación
|9 262618
|
| 583 |
|
|
|a last modification
|c 20170807 10:09:00
|k Rodrigo Vera
|
| 999 |
|
|
|c 363067
|d 363065
|
| 952 |
|
|
|0 0
|1 0
|3 erb
|4 0
|6 418_200000000000000_SAL_2013
|7 0
|8 A
|9 474801
|a BIBEDU
|b BIBEDU
|i 5268834
|l 3
|o 418.2 SAL 2013
|p 5268834
|r 2024-03-26
|s 2024-03-06
|w 2019-11-24
|y BK
|z Catalogado en:20160331
|k LIT
|